Регионална библиотека "Любен Каравелов" - Русе

Психология на парите (Запис номер 142420)

MARC детайли
000 -Лидер
Контролно поле с фиксирана дължина 02903nam a2200469 c 4500
003 - Код на организацията, давaща контролен номер
Контролно поле BLK
005 - Дата и час на последна редакция
Контролно поле 20250520102155.0
008 - Елементи от данни с фиксирана дължина
fixed length control field 180409b bul|||||r ||||||| ||bul||
010 ## - Наследен системен номер
LC control number KNG00148510000
020 ## - Международен стандартен номер на книга ISBN
Международен стандартен номер на книга ISBN 978-954-28-1355-2
-- издат.: Сиела Норма
040 ## - Източник на каталожния запис
Идентификатор на билиотеката - собственик на записа BLK
041 ## - Код за език
Код за езика на текст/звукозапис или на отделно заглавие Български
Код за езика КДБФ Български
072 #7 - Код за тематичната категория
Код организация bullib
Код за тематична категория Н15
Текст Психология Н
080 ## - УДК
Текстов определител УДК Психотехника. Приложна психология. Психотестове. Консултативна психология
УДК код - определител по УДК 159.98
УДК определител :336.74(02.062)
УДК - код + определител 159.98:336.74(02.062)
080 ## - УДК
Текстов определител УДК Етиология. Учение за причините на болестите
УДК код - определител по УДК 616-02
УДК определител :159.923(02.062)
УДК - код + определител 616-02:159.923(02.062)
080 ## - УДК
Текстов определител УДК Психотерапия - Психодрама, лечение по системата на йогите, колективна психотерапия, терапевтично влияние на музиката, изкуство. Медитация - психотерапевтични аспекти. Самовнушение. Вж и 616.89
УДК код - определител по УДК 615.851
УДК определител (02.062)
УДК - код + определител 615.851(02.062)
080 ## - УДК
Текстов определител УДК Индивидуална психология. Психология на личността. Индивидуалност. Психология на характера. Характерология. Психологическа типология
УДК код - определител по УДК 159.923
УДК определител (02.062)
УДК - код + определител 159.923(02.062)
100 1# - Редна дума - Автор
Автор Далке, Рюдигер
Авторска отговорност първи автор
R(LIN) 367811
139 ## - Редно поле
Редна дума Далке, Рюдигер
Авторски знак Дак - Д 14
245 10 - Сведения за заглавието
Заглавие Психология на парите
Подзаглавни данни С житейските закони - по пътя към щастието и успеха
Редно поле (дума) Рюдигер Далке; прев. от нем. Ива Иванова.
257 ## - Страна на издаване
Страна на създаване/издаване Германия
260 ## - Област на издателските данни
-- София
Име на издателя, разпространителя и проч. Сиела Норма
Година на издаване 2013
Печатница Костинброд : Мултипринт
300 ## - Физическа характеристика
Страници 175 с.
Размери/Мащаб 21 см
380 ## - Жанр
Жанр Философия
490 1# - СЕРИИ (Колекции)
Име на серия Поредица Нова ера в общуването
500 ## - Общи забележки
Забележка Ориг. загл. Die psychologie des Geldes / Rudiger Dahlke. - Авторът. - Библиогр. под линия.
650 #4 - Допълнително описание по предмет – тема
Основно описание – тема или топоним Психотерапия - популярна литература
9 (RLIN) 269096
650 #4 - Допълнително описание по предмет – тема
Основно описание – тема или топоним Психосоматика - популярна литература
9 (RLIN) 168411
650 #4 - Допълнително описание по предмет – тема
Основно описание – тема или топоним Пари - психологични проблеми
9 (RLIN) 327622
650 #4 - Допълнително описание по предмет – тема
Основно описание – тема или топоним Личност - психология
9 (RLIN) 243160
653 ## - Ключова дума – ненормативна
Ключова дума психосоматика
653 ## - Ключова дума – ненормативна
Ключова дума психотерапия
653 ## - Ключова дума – ненормативна
Ключова дума психология на личността
659 ## - Тематичен бюлетин
Тематичен бюлетин Н
700 1# - Други автори (авторска отговорност)
Лично име Иванова, Ива
Автороска отговорност (Описва отношението между автора и произведението) прев. от нем.
9 (RLIN) 367053
852 ## - Местоположение
Форматна сигнатура Цб 264030
856 4# - Електронен адрес и достъп
Електронен формат pdf - файл
Път до файла /url/
856 4# - Електронен адрес и достъп
Електронен формат pdf - файл
Път до файла /url/
942 ## - АРТИКУЛИ
Вид на библиотечния материал Книги
Скрит в OPAC Не
Koha issues (borrowed), all copies 12
944 ## - СЪЗДАВАНЕ И РЕДАКЦИЯ на ЗАПИСА
Създаване/Редакция Създаване
Дата на регистрацията/редакция 06.08.2013
Статус, дата на статуса Христина Везирева
Служител, извършил регистрацията/редакцията 30535
944 ## - СЪЗДАВАНЕ И РЕДАКЦИЯ на ЗАПИСА
Създаване/Редакция Редакция
Дата на регистрацията/редакция 21.08.2013
Статус, дата на статуса ф /
Служител, извършил регистрацията/редакцията
999 ## - СИСТЕМНИ КОНТРОЛНИ НОМЕРА
Koha biblionumber 142420
Koha biblioitemnumber 142420
Наличности
Код за отписване Код за изгубен артикул Източник на класификационната схема Код за повреда Коз за рестрикции Код за отдаване Артикулен № Име на библиотеката - собственик Име на библиотеката, в която се намира в момента Статус (Текущо местоположение) Дата на вписване в системата Местоположение - отдел Цена в лева Инвентарен номер Систематично азбучна сигнатура Баркод Номер на екземпляра Цена в евро Служебна бележка Служебен тип на артикула
  Не е изгубен Universal Decimal Classification Не е повреден без рестрикции заемане за дома 235581 Регионална библиотека "Любен Каравелов" Русе Регионална библиотека "Любен Каравелов" Русе Заемна - подръчен фонд 2013-08-05 Заемна - подръчен фонд 6.00 120000768521 П 159.9/Д 14 Р 120000768521 1 3.07 Дост: Pk Вид: Ф N: 539 Дата: 01.08.2013 Дата инв: 14.11.2014 Бележки инв: П2014 Книги
Vip Innovations Ltd, Rousse, Bulgaria 2025